000 00846cpcaa2200253 a 4500
001 mm2002084856
003 DLC
005 20260227111728.0
008 020130|||||||||||| eng
010 _amm2002084856
_zmm2002084814
040 _aDLC
_cDLC
_edacs
_dDLC
072 7 _aS
_2lcmd
100 1 _aBerliner, Bernhard,
_d1885-1976.
245 0 0 _aBernhard Berliner speech,
_f1975.
300 _a1
_fitem.
506 0 _aOpen to research.
520 8 _aSpeech given by Berliner on his ninetieth birthday.
545 0 _aPsychoanalyst.
580 _aForms part of: Sigmund Freud collection.
650 0 _aPsychoanalysis.
656 7 _aPsychoanalysts.
_2itoamc
999 _c44598
_d44598